| 000 | 00372nam a2200145Ia 4500 | ||
|---|---|---|---|
| 008 | 240624s9999 xx 000 0 und d | ||
| 041 | _aeng | ||
| 082 | _a332.17 HUB | ||
| 100 | _aHUBBARD R GLENN | ||
| 245 | _aMONEY BANKING AND THE FINANCIAL SYSTEM | ||
| 250 | _a(2nd ed.) | ||
| 260 |
_c2014 _aNew York _bPearson |
||
| 300 | _axxx, : 622 : p. : cm. ; 26 | ||
| 365 |
_c _b30 |
||
| 999 |
_c22978 _d22978 |
||